000 00729nam a22002057a 4500
999 _c5315
_d5315
003 AR-CdUCM
008 190312b ||||| |||| 00| 0 spa d
040 _aMUNICIPALIDAD PROVINCIAL DEL CUSCO
_cBIBLIOTECA MUNICIPAL DEL CUSCO
082 _a120.8 /
_bM79
110 _aLecturas universitarias
_916071
245 _aHombres e ideas de nuestro tiempo /
260 _aMéxico :
_bUniversitaria,
_c1969.
300 _a122 paginas ;
_c19 cm.
_bDibujos,
505 _aContenido : Nuestro tiempo -- Einstein la relatividad -- Dialogo con Albert Einstein -- Marx el sociallismo ...
650 _asocialismo
_94183
650 _aEl capitalismo
_97569
650 _aIdeología del siglo XX
_916072
942 _2ddc
_cLIBROS
945 _arah